| 000 | 00595cam a2200217 4500500 | ||
|---|---|---|---|
| 005 | 20260329001254.0 | ||
| 041 | _afre | ||
| 042 | _adc | ||
| 100 | 1 | 0 |
_aFereday, Jack _eauthor |
| 245 | 0 | 0 | _aMétacommuniquons ! |
| 260 | _c2023. | ||
| 500 | _a28 | ||
| 690 | _aCommunication | ||
| 690 | _aCoopération | ||
| 690 | _aIntelligence émotionnelle | ||
| 690 | _aLeadership | ||
| 690 | _aSoft skills | ||
| 690 | _aTravail | ||
| 786 | 0 | _nPhilonomist | - | 7 | 2023-06-21 | p. 5-13 | |
| 856 | 4 | 1 | _uhttps://shs.cairn.info/magazine-philonomist-2023-7-page-5?lang=fr&redirect-ssocas=7080 |
| 999 |
_c1803752 _d1803752 |
||